Gaming Quiz

Random Gaming Quiz
Score 0/10 Timer 02:30
0 Plays Today
% Correct
Skull Trooper
89.5%
Recon Expert
84.2%
Ghoul Trooper
73.7%
Blue Squire
57.9%
The Black Knight
52.6%
Code Name Elf
52.6%
The Reaper
52.6%
Skully
42.1%
Royal Bomber
26.3%
Arial Assault Trooper
15.8%

You're not logged in!

Compare scores with friends on all Sporcle quizzes.
OR
Log In

Sporcle TV

Today on Sporcle TV


Watch our educational content, quiz creation guides, and fun videos on Sporcle TV.

Show Comments

Extras

Created Sep 17, 2019ReportNominate
Tags:Character, Fortnite

Top Quizzes Today


Score Distribution

Paid Content

Your Account Isn't Verified!

In order to create a playlist on Sporcle, you need to verify the email address you used during registration. Go to your Sporcle Settings to finish the process.

Report this User

Report this user for behavior that violates our Community Guidelines.

Details: